000 00706nam a22002297a 4500
005 20170124110113.0
010 _a124311
020 _c00.00
035 _a124311
037 _bCen Lib/Ret
040 _aDPL
_bEN
082 _a915.84
_bDAV
100 _aDavidson, Basil
_929543
245 _aTurkestan alive :
_cby Basil Davidson
_bnew travels in Chinese Central Asia /
260 _aLondon
_bJonathan Cape
_c1957
270 _bLondon
_eThirty Bedford Square
300 _a255p. :
_c20cm(Hb)
_bcol.ill.
500 _aIncludes bibliographical references and index
650 _aChina -- Description and travel
_929544
650 _aTravel
_925007
942 _2ddc
_cEN
_h915.84
_mDAV
999 _c130578
_d130578